Wszystkie miasta które posiadały drużynę żużlową - Statystyki

Ogólne statystyki
  • Ten quiz został rozwiązany 1 037 razy
    946 od ostatniego zresetowania
  • Średni wynik to 24 z 42
Statystyki odpowiedzi
Województwo Odpowiedź % Poprawnych
Pomorskie Gdańsk (Wybrzeże)
95%
Kujawsko-Pomorskie Toruń (Apator)
94%
Dolnośląskie Wrocław (Sparta)
94%
Kujawsko-Pomorskie Bydgoszcz (Polonia)
93%
Lubuskie Gorzów Wielkopolski (Stal)
91%
Lubelskie Lublin (Motor)
91%
Mazowieckie Warszawa (Gwardia,Legia)
91%
Lubuskie Zielona Góra (Falubaz)
91%
Łódzkie Łódź (Orzeł)
89%
Wielkopolskie Leszno (Unia)
88%
Wielkopolskie Poznań (PSŻ)
88%
Kujawsko-Pomorskie Grudziądz (GKM)
87%
Opolskie Opole (Kolejarz)
86%
Podkarpackie Rzeszów (Stal)
86%
Małopolskie Kraków (Wanda)
83%
Podkarpackie Krosno (Wilki)
79%
Śląskie Rybnik (Row)
79%
Małopolskie Tarnów (Unia)
79%
Śląskie Częstochowa (Włókniarz)
78%
Wielkopolskie Piła (Polonia)
76%
Wielkopolskie Ostrów Wielkopolski (Ostrovia)
74%
Pomorskie Gdynia (SMM)
73%
Wielkopolskie Gniezno (Start)
73%
Wielkopolskie Rawicz (Kolejarz)
71%
Śląskie Katowice (Gwardia)
64%
Śląskie Świętochłowice (Śląsk)
56%
Kujawsko-Pomorskie Inowrocław (Unia)
41%
Kujawsko-Pomorskie Włocławek (Spójnia)
40%
Donośląskie Legnica (Żwiązkowiec)
37%
Śląskie Bytom (Polonia)
31%
Wielkopolskie Śrem (Sparta)
20%
Mazowieckie Siedlce (Kolejarz)
16%
Kujawsko-Pomorskie Żnin (Gwardia)
16%
Podkapackie Machowa (Victoria)
14%
Kujawsko-Pomorskie Nakło (Stal)
13%
Pomorskie Puck (LZS)
9%
Śląskie Czeladź (CKS)
8%
Wielkopolskie Chodzież (Unia)
7%
Śląskie Cieszyn (Unia)
5%
Wielkopolskie Kortoszyn (Gwardia)
4%
Wielkopolskie Wyrzysk (Iskra)
4%
Dolnośląskie Żagań (Związkowiec)
4%
Nie znaleziono quizów pasujących do podanych kryteriów
Rozkład punktacji
Procent ludzi z każdym wynikiem
Percentyl według liczby udzielonych odpowiedzi
Twoja historia wyników
Nie rozwiązałeś tego quizu od ostatniego zresetowania